US Air Force Major Commands - Statistics

General Stats
  • This quiz has been taken 12 times
  • The average score is 7 of 12
Answer Stats
HQ Answer % Correct
Scott AFB Air Mobility Command
88%
Langley AFB Air Combat Command
75%
Randolph AFB Air Education and Training Command
75%
Wright-Patterson AFB Air Force Material Command
75%
Robins AFB Air Force Reserve Command
75%
Hurlburt Field Air Force Special Operations Command
75%
Hickam AFB Pacific Air Forces
75%
Barksdale AFB Air Force Global Strike Command
63%
Ramstein AB US Air Forces in Europe
63%
The Pentagon Air National Guard
25%
Shaw AFB US Air Forces Central Command
25%
Ramstein AB US Air Forces in Africa
25%
No matching quizzes found
Score Distribution
Percent of People with Each Score
Percentile by Number Answered
Your Score History
You have not taken this quiz